000 00445nam a2200169 4500
008 251103b |||||||| |||| 00| 0 eng d
020 _a9789353066260
082 _a658.114 CHA
100 _aCharantimath, Poornima M.
245 _aEntrepreneurship Development and Small Business Enterprises
250 _a3rd Edi.
260 _aNoida
_bPearson
_c2019
300 _a412
365 _b499
650 _aEntrepreneurship
942 _2ddc
_cC
999 _c63954
_d63954